Giáo trình công nghệ trồng trọt /
Сохранить в:
| Главный автор: | |
|---|---|
| Формат: | Sách giấy |
| Язык: | Vietnamese |
| Опубликовано: |
H. :
Lao động - Xã hội,
2004.
|
| Предметы: | |
| Метки: |
Добавить метку
Нет меток, Требуется 1-ая метка записи!
|
| Thư viện lưu trữ: | Thư viện Trường Đại học Đà Lạt |
|---|
| LEADER | 00767nam a2200313 4500 | ||
|---|---|---|---|
| 001 | DLU090074742 | ||
| 005 | ##20090605 | ||
| 040 | # | # | |a DLU |b vie |
| 041 | # | # | |a vie |
| 044 | # | # | |a vn |
| 082 | # | # | |a 630 |b DA-C |
| 100 | # | # | |a Đào Duy Cầu, |c TS. |
| 245 | # | # | |a Giáo trình công nghệ trồng trọt / |c Đào Duy Cầu. |
| 260 | # | # | |a H. : |b Lao động - Xã hội, |c 2004. |
| 300 | # | # | |a 160 tr. ; |c 21 cm. |
| 504 | # | # | |a Tài liệu tham khảo: tr.157. |
| 653 | # | # | |a Giáo trình |
| 653 | # | # | |a Kỹ thuật nông nghiệp |
| 923 | # | # | |a 06/2009 |
| 991 | # | # | |a GT |
| 992 | # | # | |a 25000 |
| 994 | # | # | |a DLU |
| 900 | # | # | |a True |
| 911 | # | # | |a Đào Thị Thu Huyền |
| 925 | # | # | |a G |
| 926 | # | # | |a A |
| 927 | # | # | |a SH |
| 980 | # | # | |a Thư viện Trường Đại học Đà Lạt |